000 00817nam a22002297a 4500
003 0
005 20251027151143.0
008 251027b xxu||||| |||| 00| 0 eng d
020 _a978-1-98469-434-8
050 _aTX 911.3.E5
_b.E39 2025
100 _aEdwards, Joshua,
_eauthor.
245 _aBanquets and conferences in the digital age :
_binnovations in event management /
_cJoshua Edwards.
260 _aNew York, NY :
_b3G E-Learning LLC,
_c2025.
300 _axvi, 286 pages :
_bcolored illustrations ;
_c26 cm.
504 _aIncludes bibliographical references and index.
650 _aSpecial events
_xManagement.
650 _aCongresses and conventions
_xPlanning.
650 _aBanquets
_xManagement.
650 _aEvent marketing.
650 _aTechnological innovations
_xManagement.
942 _2lcc
_cBK
999 _c368351
_d368351